000 01701nam0a2200337 4500
001 RU\NLR\bibl\1453651
005 20241119221923.0
020 _aRU
_b90-17878
_9Летопись авторефератов диссертаций
021 _aRU
_b2009-14221а
_9569а
035 _a(NLR Aleph) 001445459
090 _a1489695
_c1489695
100 _a20090917d2009 u u0rusy50 ca
101 0 _arus
102 _aRU
105 _aa dm |||||
200 1 _aРазвитие довузовской подготовки в системе непрерывного профессионального образования управленческих кадров
_e(на примере академии государственной службы)
_eавтореф. дис. на соиск. учен. степ. канд. социол. наук
_eспециальность 22.00.04 <Соц. структура, соц. ин-ты и процессы>
_fДряхлова Вера Рачиковна
_g[Волго-Вят. акад. гос. службы]
210 _aНижний Новгород
_d2009
215 _a24 с.
_cил.
_d21
320 _aБиблиогр.: c. 23-24 (9 назв.)
675 _a316.7
_v3
_zrus
686 _a04
_2rugasnti
686 _a60.5
_2rubbk
686 _a22.00.04
_2oksvnk
700 1 _aДряхлова
_bВ. Р.
_gВера Рачиковна
_4070
801 0 _aRU
_bRKP
_c20090917
_gPSBO
801 1 _aRU
_bRKP
_c20090917
801 2 _aRU
_bNLR
_c20091217
_grcr
901 _eАвторефераты
942 _cBOOK
981 1 0 _a(10) Авторефераты